01139nam a2200241 a 450000100100000000500170001000800410002702000150006804000250008310000490010824500600015724600450021726000650026230000460032750000180037350400280039150400730041950501570049271000510064971000720070095201080077299900170088000004096420201002034519.0130912s1984 sp abc 000 0 spa d a8400056620 aDO-SdBNPbspacBNPHU1 aGimenez Fernandez, Manueld1896-1968.96739410aBartolome de las casas /cManuel Giménez Fernández.14aPolítica inicial de Carlos i en Indias aMadrid : , :bEscuela de Estudios Hispano-Americanos,c1984. av. :bil., lams., mapas, retrs. ;c25 cm. aReimpresión aIncluye bibliografías aIncluye referencias bibliográficas y notas al pie de las páginas0 av.1 :tDelegado de Cisneros para la reformación de la Indias (1516-1517). --gv. 2 :tCapellán de S. M. Carlos I poblador de Cumaná (1517-1523) --2 aEscuela de Estudios Hispano-Americanos,9304872 aConsejo Superior de Investigación Científicas (España)964047 001050718MOaGRbGRcCTd2013-09-12iLF1l0ov. 1p40964-10r2020-06-25w2020-06-25y1ZNo se presta c40454d40454